Los evangelios de la infancia
Збережено в:
| Автор: | |
|---|---|
| Формат: | Книга |
| Мова: | Іспанська |
| Опубліковано: |
Barcelona
Herder
1969
|
| Предмети: | |
| Теги: |
Додати тег
Немає тегів, Будьте першим, хто поставить тег для цього запису!
|
MARC
| LEADER | 00000nam a2200000 a 4500 | ||
|---|---|---|---|
| 001 | UCL2467 | ||
| 003 | CL-VaPUC | ||
| 008 | 031024e19690000SP |||||||||||||||||spa|d | ||
| 082 | 0 | 4 | |a 232.92 |b DAN |2 21 |
| 100 | 0 | |a Daniélou, Jean |e author |9 479558 | |
| 245 | 1 | 4 | |a Los evangelios de la infancia |
| 300 | |a 122 p | ||
| 942 | |c BK | ||
| 945 | |d 20031024 00:00:00 |a vberengu | ||
| 260 | |a Barcelona |b Herder |c 1969 | ||
| 600 | 0 | |a Jesús |9 313614 | |
| 650 | 0 | |a Teología cristiana |9 308336 | |
| 650 | 0 | |a Cristología |9 315091 | |
| 650 | 0 | |a Vida de Jesús |9 478097 | |
| 650 | 7 | |a INFANCIA DE JESUS |2 CL-VaPUC |9 479560 | |
| 583 | |a last modification |c 20031024 00:00:00 |k Rodrigo Vera | ||
| 999 | |c 305773 |d 305771 | ||
| 952 | |0 0 |1 0 |4 0 |6 232_920000000000000_DAN_1969 |7 0 |8 A |9 370162 |a BIBTEO |b BIBTEO |d 2019-11-21 |i 2091429 |o 232.92 DAN 1969 |p 2091429 |r 2025-01-17 |w 2019-11-21 |y BK |k ICR | ||